| 000 | 00662nam a2200241Ia 4500 | ||
|---|---|---|---|
| 003 | OSt | ||
| 005 | 20220924114137.0 | ||
| 006 | a|||||r|||| 00| 0 | ||
| 007 | ta | ||
| 008 | 220923b |||||||| |||| 00| 0 hin d | ||
| 024 | _a43150 | ||
| 037 | _cTextual | ||
| 040 |
_aARTS _cARTS _bhin |
||
| 041 |
_2hin _ahin |
||
| 082 | _aO15,2:g(NT), M1 | ||
| 100 | _aUpadhyaya Ramji | ||
| 245 | 0 | _aNatya shastriya prayog vigyanam | |
| 260 |
_aAllahabad _bBharatiya Sanskrit Sansthan India _c1981 |
||
| 300 |
_a125+11p. _ccm. |
||
| 650 | _aENGLISH LITERATURE | ||
| 942 |
_hO15,2:g(NT), M1 _cTEXL _2CC |
||
| 999 |
_c392124 _d392124 |
||